| 000 | 00846nam a22001937a 4500 | ||
|---|---|---|---|
| 999 |
_c60305 _d60305 |
||
| 003 | Ge_BSU | ||
| 005 | 20230627161416.0 | ||
| 008 | 230627s1961 ge ||||| |||| 00| 0 geo d | ||
| 041 | _ageo | ||
| 080 | _a94(37)(092) ა-48 | ||
| 100 |
_aალექსიშვილი, მათე _919009 |
||
| 245 |
_aგაიუს იულიუს ცეზარი : _b[მონოგრაფია] / _c მათე ალექსიშვილი; რედ. ნ. ლომოური. |
||
| 264 |
_aთბილისი : _b ნაკადული, _c1961. |
||
| 300 |
_a226 გვ. ; _b21 სმ. |
||
| 653 | _aცეზარი, გაიუს იულიუს | ||
| 653 | _a ძველი რომის ისტორია | ||
| 700 |
_aლომოური, ნ. _eრედაქტორი _919010 |
||
| 942 |
_2udc _cBK |
||